Benchmarking of quality and costs of rail and road freight transportation in European Union with a special focus on the Slovak Republic

Veľká úloha dopravy v ekonomike všetkých regiónov. Výsledky prvej fázy dizertačného výskumu v oblasti železničnej a cestnej nákladnej dopravy. Cieľ výskumu a hlavné hypotézy. Použité metódy. Čiastkové výsledky a závery.

Salvato in:
Dettagli Bibliografici
Autore principale: Némethyová, Lucia
Natura: Capitolo di libro
Lingua:inglese
Soggetti:
Tags: Aggiungi Tag
Nessun Tag, puoi essere il primo ad aggiungerne!!

MARC

LEADER 00000naa$a2200000$$$4500
001 0059920
005 20240502071649.1
041 0 |a eng 
044 |a SK 
245 1 0 |a Benchmarking of quality and costs of rail and road freight transportation in European Union with a special focus on the Slovak Republic  |c Lucia Némethyová 
520 |a Veľká úloha dopravy v ekonomike všetkých regiónov. Výsledky prvej fázy dizertačného výskumu v oblasti železničnej a cestnej nákladnej dopravy. Cieľ výskumu a hlavné hypotézy. Použité metódy. Čiastkové výsledky a závery. 
610 2 0 |a doprava železničná nákladná 
610 2 0 |a doprava cestná nákladná 
610 2 0 |a kvalita 
610 2 0 |a náklady 
610 2 0 |a výskum 
610 2 0 |a Európska únia 
610 2 0 |a Slovensko 
100 1 |a Némethyová, Lucia